000 00298nam a2200121Ia 4500
008 190216s9999||||xx |||||||||||||| ||und||
100 _aRamamoorthi Mishra
245 0 _aHindi-Mahamanav Banne Ki Achar Samhitha
260 _bAlpna Prakashan
_c2008
300 _a120
650 _aHindi
942 _cBK
999 _c16524
_d16524